<The> origin of financial crises central banks, credit bubbles and the efficient market fallacy

Uložené v:
Podrobná bibliografia
Hlavný autor: Cooper, George
Médium: Kniha
Jazyk:English
Vydavateľské údaje: New York Vintage Books 2008
Predmet:
Tagy: Pridať tag
Žiadne tagy, Buďte prvý, kto otaguje tento záznam!

MARC

LEADER 00000nam$a2200000$$$4500
001 0113614
005 20240306135902.7
020 |a 978-0-307-47345-5 
041 0 |a eng 
044 |a US 
245 1 0 |a <The> origin of financial crises  |b central banks, credit bubbles and the efficient market fallacy  |c George Cooper 
264 1 |a New York  |b Vintage Books  |c 2008 
300 |a 194 s. 
610 2 0 |a kríza finančná 
610 2 0 |a banky centrálne 
610 2 0 |a úver bankový 
610 2 0 |a trh finančný 
610 2 0 |a podvody 
100 1 |a Cooper, George